000 00447nam a2200157Ia 4500
008 090124s9999 xx 000 0 und d
082 _b26647
_a2651
100 _aकांबळे अविनाश
245 _a कॉकटेल
250 _a0
600 _aकांबळे अविनाश
630 _a कॉकटेल
700 _aकांबळे अविनाश
730 _a कॉकटेल
942 _cBOOK
999 _c140119
_d140119